000 00815nac a22002890a 4500
001 PT1845
003 AR-LpoUNG
005 20210201004738.0
008 201001s1996||||xxu|||||||||||||||||spa d
020 _a1564090086
_c$188.33
040 _aAR-LpoUNG
_bspa
_eaacr
041 _aspa
044 _axxu
082 0 _aR030 56lib
245 1 0 _a1994 :
_bLibro del año
260 _aKentucky :
_bEnciclopedia Británica,
_c1995-1996.
300 _a408 p. :
_bgráfs.
_3Impreso
490 0 _aEnciclopedia hispanica
520 _aActualizacion de la enciclopedia britanica de 1993
650 4 _aDICCIONARIOS
650 4 _aENCICLOPEDIA
650 4 _aMATERIAL DE REFERENCIA
651 4 _aDOCUMENTOS TEORICOS O METODOLOGICOS
710 2 _aEnciclopedia Britanica Publishers
905 _a1845
942 _cLSALA
999 _c47440
_d47440